000 00257nam a2200109Ia 4500
008 220204s9999 xx 000 0 und d
082 _a930
_bKIN
100 _aLord
245 0 _aWonders of man: Hagia sophia
260 _bS Arthur Dembner
_c1972
942 _cBK
999 _c29653
_d29653